Fr. Conceicao Rodrigues College of Engineering

Modern Power System analysis (Record no. 29548)

MARC details
000 -LEADER
fixed length control field 00378nam a2200169Ia 4500
082 ## - DEWEY DECIMAL CLASSIFICATION NUMBER
Classification number 621.483/KOT
Item number KOT
100 ## - MAIN ENTRY--PERSONAL NAME
Personal name Kothari/D.P/ Nagrath/I.J
250 ## - EDITION STATEMENT
Edition statement 3
245 ## - TITLE STATEMENT
Title Modern Power System analysis
260 ## - PUBLICATION, DISTRIBUTION, ETC.
Name of publisher, distributor, etc. Tata Mc Graw hill Ltd.
Place of publication, distribution, etc. New Delhi
Date of publication, distribution, etc. 2003
366 ## - TRADE AVAILABILITY INFORMATION
Publishers's discount category 20
300 ## - PHYSICAL DESCRIPTION
Extent 694
546 ## - LANGUAGE NOTE
Language note ENGLISH
654 ## - SUBJECT ADDED ENTRY--FACETED TOPICAL TERMS
Focus term power system
942 ## - ADDED ENTRY ELEMENTS (KOHA)
Koha item type BOOK
Holdings
Withdrawn status Lost status Damaged status Not for loan Collection Home library Current library Date acquired Source of acquisition Cost, normal purchase price Inventory number Total Checkouts Full call number Barcode Date last seen Cost, replacement price Price effective from Koha item type
        CRC Fr. Agnel's C.Rodrigues College of Engineering Fr. Agnel's C.Rodrigues College of Engineering 17/03/2023 Professional Book House. 269.00 243 dt 30/10/2007   621.483/KOT KOT 18016 17/03/2023 289.00   BOOK
        CRC Fr. Agnel's C.Rodrigues College of Engineering Fr. Agnel's C.Rodrigues College of Engineering 17/03/2023 Professional Book House. 269.00     621.483/KOT KOT 18017 17/03/2023 289.00   BOOK
        CRC Fr. Agnel's C.Rodrigues College of Engineering Fr. Agnel's C.Rodrigues College of Engineering 17/03/2023 Professional Book House. 269.00     621.483/KOT KOT 18018 17/03/2023 289.00   BOOK